LEADER 01122nam1 2200325 450 001 990005879180203316 005 20130909164437.0 035 $a000587918 035 $aUSA01000587918 035 $a(ALEPH)000587918USA01 035 $a000587918 100 $a20130808d--------km-y0itay50------ba 101 0 $aita 102 $aIT 105 $a||||||||001yy 200 1 $a<>Italia sotto l'aspetto fisico, storico, letterario, artistico e statistico con speciale riguardo all'industria ed al commercio 210 $aMilano [etc.]$cVallardi 215 $avolumi$d26 cm 463 \1$1001990005879190203316$12001 $aStoria della letteratura romana 676 $a870.9 801 0$aIT$bsalbc$gISBD 912 $a990005879180203316 951 $aXV.2.A. 1815 /$cXV.2.A. 959 $aBK 969 $aCUOMO 979 $aPALERMO$b90$c20130808$lUSA01$h1300 979 $aPALERMO$b90$c20130808$lUSA01$h1305 979 $aCHIARA$b90$c20130909$lUSA01$h1644 996 $aItalia sotto l'aspetto fisico, storico, letterario, artistico e statistico con speciale riguardo all'industria ed al commercio$91085167 997 $aUNISA LEADER 01067nam0-2200337---450- 001 990009532580403321 005 20120223113652.0 010 $a978-88-31-79905-8 035 $a000953258 035 $aFED01000953258 035 $a(Aleph)000953258FED01 035 $a000953258 100 $a20120223d2009----km-y0itay50------ba 101 0 $aita 102 $aIT 105 $ay-------001yy 200 1 $a<>ventennio costituzionale dell'Unione europea$etestimonianze di un diplomatico al servizio della causa europea$fRocco Antonio Cangelosi$gprefazione di Giorgio Napolitano 210 $aVenezia$cMarsilio$d2009 215 $a306 p.$d21 cm 225 1 $aIdee d'Europa 610 0 $aUnione Europea 676 $a327.17094$v22$zita 700 1$aCangelosi,$bRocco Antonio$0247347 702 1$aNapolitano,$bGiorgio$f<1925- > 801 0$aIT$bUNINA$gREICAT$2UNIMARC 901 $aBK 912 $a990009532580403321 952 $aII F 323$b48509$fFSPBC 959 $aFSPBC 996 $aVentennio costituzionale dell'Unione europea$9855397 997 $aUNINA LEADER 01252nam--2200373---450- 001 990003567810203316 005 20111005104137.0 010 $a978-1-84844-244-3 035 $a000356781 035 $aUSA01000356781 035 $a(ALEPH)000356781USA01 035 $a000356781 100 $a20110923d2010----km-y0itay50------ba 101 0 $aeng 102 $aUS 105 $a||||||||001yy 200 1 $aMicrosoft on trial$elegal and economic analysis of a transatlantic antitrust case$fedited by Luca Rubini 210 $aCheltenham, UK$aNorthampton, MA, USA$cEdward Elgar$d2010 215 $aXXVIII, 528 p.$d24 cm 225 2 $aNew horizons in competition law and economics 410 0$12001$aNew horizons in competition law and economics 606 0 $aElaboratori elettronici$xLegislazione$yStati Uniti d'America$2BNCF 676 $a343.730721 702 1$aRUBINI,$bLuca 801 0$aIT$bsalbc$gISBD 912 $a990003567810203316 951 $aXXIII.1.N. 38$b72197 G.$cXXIII.1.N.$d00299139 959 $aBK 969 $aGIU 979 $aIANNONE$b90$c20110923$lUSA01$h0915 979 $aIANNONE$b90$c20110923$lUSA01$h0919 979 $aIANNONE$b90$c20111005$lUSA01$h1041 996 $aMicrosoft on trial$91115689 997 $aUNISA